|
|
|
|
| LEADER |
00000nam a2200000 a 4500 |
| 001 |
vtls010108992 |
| 003 |
SK-MaSNL |
| 005 |
20260302081616.0 |
| 008 |
240313s2010 xo g 000 0 slo |
| 015 |
|
|
|a SNBA2010/09-05299
|
| 035 |
|
|
|a AE2C23C1-4A42-4D9E-A46A-209A29DE138E
|
| 035 |
|
|
|a urn:nbn:sk:snk-amjg5x
|
| 035 |
|
|
|a urn:nbn:sk:snk-am002bfn
|
| 040 |
|
|
|a SNK
|b slo
|c SNK
|e AACR2
|
| 041 |
0 |
|
|a slo
|
| 043 |
|
|
|a e-xo---
|
| 044 |
|
|
|a xo
|c SK
|
| 072 |
|
7 |
|a 811.162.4
|x Slovenčina
|2 konspekt
|
| 080 |
|
|
|a 81'282
|2 2001
|
| 080 |
|
|
|a (437.6)
|2 2001
|
| 080 |
|
|
|a (038)81
|2 2001
|
| 080 |
|
|
|a 811.162.4
|2 2001
|
| 100 |
1 |
|
|a Gúčiková, Kvetoslava
|4 aut
|9 586500
|
| 245 |
1 |
0 |
|a Slovník podolského nárečia
|c Kvetoslava Gúčiková
|
| 250 |
|
|
|a 1. vyd.
|
| 260 |
|
|
|a [ S.l.
|b s.n.]
|c 2010
|
| 300 |
|
|
|a 90 s.
|c 21 cm
|
| 650 |
0 |
7 |
|a dialekty
|2 SNKPH
|9 19030
|
| 650 |
0 |
7 |
|a slovenčina
|2 SNKPH
|9 1350
|
| 651 |
|
7 |
|a Podolie (Slovensko)
|2 SNKPH
|9 79829
|
| 655 |
|
7 |
|a dialektologické slovníky
|2 SNKPH
|9 73311
|
| 968 |
|
|
|d 81
|
| 999 |
|
|
|c 1177103
|d 1179033
|
| 952 |
|
|
|a SNK
|b SNK
|y PREZ
|7 0
|p 17A0664855
|o snkSD 79296
|i snk2010/13935
|8 0
|0 0
|1 0
|4 0
|d 2010-06-24
|l 0
|r 2025-11-26 00:00:00
|w 2026-02-24
|
| 952 |
|
|
|a SNK
|b SNK
|y VYP
|7 0
|p 17A0664854
|o snkSD 79296 D1
|i snk2010/13937
|8 0
|0 0
|1 0
|4 0
|d 2010-06-24
|f 1
|l 0
|r 2017-06-30 00:00:00
|w 2026-02-24
|